Corporate Governance disclosure challenges in Kenya's banking sector (Record no. 3807)

000 -LEADER
fixed length control field 00410nam a22001457a 4500
003 - CONTROL NUMBER IDENTIFIER
control field OSt
005 - DATE AND TIME OF LATEST TRANSACTION
control field 20170330120454.0
008 - FIXED-LENGTH DATA ELEMENTS--GENERAL INFORMATION
fixed length control field 170330b xxu||||| |||| 00| 0 eng d
050 ## - LIBRARY OF CONGRESS CALL NUMBER
Classification number HD2741.A87 2016
100 ## - MAIN ENTRY--PERSONAL NAME
Personal name Assava, Kavosa Ellaine
245 ## - TITLE STATEMENT
Title Corporate Governance disclosure challenges in Kenya's banking sector
Statement of responsibility, etc Ellaine Kavosa Assava
260 ## - PUBLICATION, DISTRIBUTION, ETC. (IMPRINT)
Place of publication, distribution, etc Nairobi
Date of publication, distribution, etc 2016
300 ## - PHYSICAL DESCRIPTION
Extent 81 p
942 ## - ADDED ENTRY ELEMENTS (KOHA)
Source of classification or shelving scheme
Koha item type Research Project
Holdings
Withdrawn status Lost status Source of classification or shelving scheme Damaged status Not for loan Home library Current library Shelving location Date acquired Total Checkouts Full call number Barcode Date last seen Price effective from Koha item type
          Riara University Library Riara University Library Special Collection 30/03/2017   RUSC HD2741.A87 2016 8927/17 30/03/2017 30/03/2017 Research Project

Riara University Library,
P.O. Box 49940-00100,
Nairobi, Kenya.